Παντουρκισμός : το δόγμα του τουρκικού επεκτατισμού /

Λεπτομέρειες βιβλιογραφικής εγγραφής
Κύριος συγγραφέας: Landau, Jacob M. (συγγραφέας.)
Άλλοι συγγραφείς: Νάντσου, Εύη (μεταφράστρια.)
Μορφή: Βιβλίο
Γλώσσα:Greek
Έκδοση: Αθήναι : Θετίλη, 1985.
Θέματα:
LEADER 01244cam a2200241 a 4500
003 GR-PaULI
005 20250310105708.0
008 000620s1985 gr |||g 001 gre
040 |a GR-PaULI  |b gre  |c GR-PaULI  |e AACR2 
041 1 |a gre  |h eng 
082 0 4 |a 956.1  |2 23 
100 1 |a Landau, Jacob M.  |4    |9 208742  |e συγγραφέας. 
245 1 0 |a Παντουρκισμός :  |b το δόγμα του τουρκικού επεκτατισμού /  |c Jacob M. Landau ; μετάφραση Εύη Νάντσου. 
260 |a Αθήναι :  |b Θετίλη,  |c 1985. 
300 |a 281 σ. ;  |c 22 εκ. 
500 |a Τίτλος πρωτοτύπου : Pan-turkism in Turkey: a study in irredentism. 
504 |a Περιλαμβάνει βιβλιογραφία και ευρετήριο. 
651 4 |a Τουρκία  |x Πολιτική και διακυβέρνηση.  |9 93390  |2   
700 1 |a Νάντσου, Εύη  |4    |e μεταφράστρια.  |9 43832 
765 |i Μετάφραση του:  |t Pan-turkism in Turkey: a study in irredentism. 
942 |c BK  |2 ddc 
952 |0 0  |1 0  |2 ddc  |4 0  |6 956_100000000000000_LAN  |7 0  |9 388358  |a LISP  |b LISP  |c DON  |d 2025-03-10  |e ΜΑΡ  |i 095241  |l 0  |o 956.1 LAN  |p 025000165898  |r 2025-03-10 10:10:56  |t 1  |w 2025-03-10  |y BKN 
999 |c 225336  |d 225336